000 00362nam a2200133Ia 4500
008 240624s9999 xx 000 0 und d
041 _aeng
082 _a519 PAN
100 _aPANDEY B N
245 _aSTATISTICAL TECHNIQUES IN LIFE TESTING R
260 _c2007
_aNew Delhi
_bNarosa Publishing House Pvt. Ltd.
300 _a215 : p. : cm. ; 24
365 _cRS
_b30
999 _c12634
_d12634